Central Library OPAC University of Rajshahi

Planets for man / (Record no. 52304)

MARC details
000 -LEADER
fixed length control field 00711nam a2200241 a 4500
001 - CONTROL NUMBER
control field 52304
003 - CONTROL NUMBER IDENTIFIER
rucl marc code BD-RjUL
005 - DATE AND TIME OF LATEST TRANSACTION
control field 20211209075801.0
008 - FIXED-LENGTH DATA ELEMENTS--GENERAL INFORMATION
fixed length control field 160919s1964 nyua 001 0 eng
035 ## - SYSTEM CONTROL NUMBER
System control number (BD-RjUL)52424
040 ## - CATALOGING SOURCE
Original cataloging agency DLC/ICU
Transcribing agency ICU
Modifying agency DLC
-- BD-RjUL
Language of cataloging eng
041 ## - LANGUAGE CODE
Language code of text/sound track or separate title eng
082 00 - DEWEY DECIMAL CLASSIFICATION NUMBER
Classification number 523.4
Edition number 23
Author mark and year DOP 1964
100 1# - MAIN ENTRY--PERSONAL NAME
Personal name Dole, Stephen H.
9 (RLIN) 156540
245 10 - TITLE STATEMENT
Title Planets for man /
Statement of responsibility, etc. by Stephen H. Dole and Isaac Asimov.
260 ## - PUBLICATION, DISTRIBUTION, ETC. (IMPRINT)
Place of publication, distribution, etc. New York :
Name of publisher, distributor, etc. Random House,
Date of publication, distribution, etc. c1964
300 ## - PHYSICAL DESCRIPTION
Pagination x, 242 p. :
Illustrations ill. ;
Size 21 cm.
500 ## - GENERAL NOTE
General note Includes index
650 #0 - SUBJECT ADDED ENTRY--TOPICAL TERM
Topical term or geographic name as entry element Life on other planets.
9 (RLIN) 156541
700 1# - ADDED ENTRY--PERSONAL NAME
Personal name Asimov, Isaac,
Dates associated with a name 1920-1992,
Relator term joint author.
942 ## - ADDED ENTRY ELEMENTS (KOHA)
Source of classification or shelving scheme Dewey Decimal Classification
Koha item type Books
Holdings
Lost status Source of classification or shelving scheme Damaged status Not for loan Collection code Permanent Location Current Location Shelving location Date acquired Source of acquisition Total Checkouts Full call number Date last seen Copy number Koha item type
  Dewey Decimal Classification     Non-fiction Central Library, University of Rajshahi Central Library, University of Rajshahi   24/06/1966 Asia foundation   523.4 DOP 1964 18/09/2016 C-2 Books